000 00735nam a2200193 a 4500
001 BRCA_2259
005 20190320203732.0
008 880822s1986----mx-a---##b---f000-0#spa-#
040 _aDLC
_cDLC
_dDLC
050 4 _aNA7244.X6
_b.C38 1986
245 1 0 _aCatálogo nacional de monumentos históricos inmuebles
_bXochimilco, D.F.
260 _aMéxico
_bSEP : INAH : Delegación Política del Distrito Federal en Xochimilco
_c1986
300 _a149 p.
_bil.
_c21 cm.
504 _aBibliografía: p. 145-146
650 1 4 _aArquitectura vernácula
_xConservación y restauración
_zMéxico
_96780
650 1 4 _aMonumentos históricos
_xConservación y restauración
_zMéxico
_96781
740 0 _aMonumentos históricos inmuebles
942 _2lcc
_cB
999 _c2008
_d2008